Alphabetical Best Pictures Quiz Stats

 Plays Quiz not verified by Sporcle

Score 0/87 Timer 12:00
0 Plays Today
Year Best picture % Correct
201312 Years a Slave
80.8%
1950All About Eve
80%
2012Argo
79.2%
1929/1930All Quiet on the Western Front
77.6%
2005Crash
77.6%
1974Godfather Part II, The
77.6%
1972Godfather, The
77.6%
1994Forrest Gump
76.8%
2011Artist, The
76%
1995Braveheart
76%
1943Casablanca
76%
1930/1931Cimarron
76%
1967In the Heat of the Night
76%
1984Amadeus
75.2%
1939Gone with the Wind
75.2%
1951American in Paris, An
74.4%
1977Annie Hall
74.4%
2002Chicago
74.4%
2006Departed, The
74.4%
1982Gandhi
74.4%
2000Gladiator
74.4%
2010King's Speech, The
74.4%
1927/1928Wings
74.4%
1990Dances With Wolves
73.6%
1999American Beauty
72.8%
1932/1933Cavalcade
72.8%
1981Chariots of Fire
72.8%
1988Rain Man
72.8%
1976Rocky
72.8%
Year Best picture % Correct
1997Titanic
72.8%
1948Hamlet
72%
1979Kramer vs. Kramer
72%
1985Out of Africa
72%
1986Platoon
72%
1960Apartment, The
71.2%
1989Driving Miss Daisy
71.2%
1993Schindler's List
71.2%
2001Beautiful Mind, A
70.4%
1959Ben-Hur
70.4%
1954On the Waterfront
70.4%
1975One Flew over the Cuckoo's Nest
70.4%
1970Patton
70.4%
1998Shakespeare in Love
70.4%
1991Silence of the Lambs, The
70.4%
1992Unforgiven
70.4%
1971French Connection, The
69.6%
1949All the Kings Men
68.8%
1996English Patient, The
68.8%
1934It Happened One Night
68.8%
1969Midnight Cowboy
68.8%
2004Million Dollar Baby
68.8%
2008Slumdog Millionaire
68.8%
2007No Country for Old Men
68%
1965Sound of Music, The
68%
1973Sting, The
68%
1961West Side Story
68%
2015Birdman
67.4%
1978Deer Hunter, The
67.2%
Year Best picture % Correct
1936Great Ziegfeld, The
67.2%
2009Hurt Locker, The
67.2%
2003Lord of the Rings: The Return of the King, The
67.2%
1968Oliver!
67.2%
1928/1929Broadway Melody, The
66.4%
1958Gigi
66.4%
1987Last Emperor, The
66.4%
1980Ordinary People
66.4%
1957Bridge on the River Kwai, The
65.6%
1983Terms of Endearment
65.6%
1953From Here to Eternity
64.8%
1952Greatest Show on Earth, The
64.8%
1962Lawrence of Arabia
64.8%
1938You Can't Take It with You
64.8%
1931/1932Grand Hotel
64%
1964My Fair Lady
64%
1942Mrs. Miniver
63.2%
1940Rebecca
63.2%
1956Around the World in 80 Days
60.8%
1937Life of Emile Zola, The
60.8%
1963Tom Jones
60%
1947Gentleman's Agreement
59.2%
1941How Green Was My Valley
58.4%
1955Marty
58.4%
1946Best Years of Our Lives, The
57.6%
1944Going My Way
57.6%
1935Mutiny on the Bounty
56.8%
1945Lost Weekend, The
56%
1966Man for All Seasons, A
54.4%

You're not logged in!

Compare scores with friends on all Sporcle quizzes.
OR
Log In

Sporcle TV

Today on Sporcle TV


Watch our educational content, quiz creation guides, and fun videos on Sporcle TV.

Show Comments

Extras

Top Quizzes Today


Score Distribution

Your Account Isn't Verified!

In order to create a playlist on Sporcle, you need to verify the email address you used during registration. Go to your Sporcle Settings to finish the process.

Report this User

Report this user for behavior that violates our Community Guidelines.

Details: